Loading...
Industrial conciliation and arbitration in Australia.
| Main Author: | |
|---|---|
| Language: | English |
| Published: |
Australia
The Law Book Co.
1959
|
| LEADER | 00357nam a22001217a 4500 | ||
|---|---|---|---|
| 003 | OSt | ||
| 008 | 100303t xxu||||| |||| 00| 0 eng d | ||
| 080 | |a 349.22:331.109.64(94) |b FOE | ||
| 100 | |a Foenander, Orwell De R |9 12027 | ||
| 245 | |a Industrial conciliation and arbitration in Australia. | ||
| 260 | |a Australia |b The Law Book Co. |c 1959 | ||
| 942 | |c BK |6 _ | ||
| 999 | |c 126518 |d 126518 | ||